000 01313cab a2200181 4500
001 L130925
008 050919n2005 000 0 eng u
035 _a(Sirsi) u130925
041 0 _aeng
100 1 _aFisher, Pete
245 2 _aA world of uncertainty
260 _c2005
490 _aGIS Professional
_vSeptember/October 2005, 12-14(3)
520 _aExamines the challenges facing cartographers and surveyors in dealing with uncertainty in spatial information within GIS and map databases such as Ordnance Survey's MasterMap. Defines the problem of uncertainty in respect of geographical phenomena: existential (does it actually exist?); extensional (their exact boundaries), and temporal (will the phenomenon persist in a landscape?). Looks at partial solutions to the problem of coding the existence of buildings such as improving the semantic richness of definitions and encoding buildings with multiple uses. Analyses the issues relating to setting boundaries to the extent of moving or changing phenomena such as streams and vegetation boundaries. Concludes with the question whether representing uncertainty in maps delivers tangible benefit to their end-users.
690 _aENVIRONMENTAL AND LAND CONSULTANCY-GEOMATICS-MAPPING AND POSITIONING-CARTOGRAPHY
700 1 _aGomm, Simon
942 _n0
999 _c75887
_d75887